| 000 | 01078pam a2200361 i 4500 | ||
|---|---|---|---|
| 003 | EG-GICUC | ||
| 005 | 20260215082538.0 | ||
| 008 | 911210s1992 mnu fr 001 0 eng d | ||
| 020 | _a0314002626 | ||
| 020 | _a9780314002624 | ||
| 040 |
_aDLC _cDLC _dDLC _dEG-GICUC _beng _erda |
||
| 043 | _an-us--- | ||
| 050 | 0 | 0 |
_aKF3817 _b.F56 1992 |
| 082 | 0 | 0 |
_a341.044 _221 |
| 092 | 0 | 4 | _221 |
| 099 | _aLaw 11 1992 | ||
| 100 | 1 | _aFindley, Roger W. | |
| 245 | 1 | 0 |
_aEnvironmental law in a nutshell / _cby Roger W. Findley and Daniel A. Farber. |
| 250 | _a3rd edition. | ||
| 264 |
_aSt. Paul, Minn. : _bWest Pub. Co., _c1992. |
||
| 300 |
_axxi, 355 pages ; _c19 cm. |
||
| 336 |
_atext _2rdacontent |
||
| 337 |
_aComputer _2rdamedia |
||
| 338 |
_aOnline Resource _2rdacarrier |
||
| 440 | 0 | _aNutshell series | |
| 440 | 0 | _aBlack letter series | |
| 500 | _aIncludes index. | ||
| 650 | 0 |
_aEnvironmental law _zUnited States. |
|
| 700 | 1 |
_aFarber, Daniel A., _d1950- |
|
| 856 | 4 | 0 | _uhttps://fll.law.cu.edu.eg/fulltext/bks/ENGB11-00133.pdf |
| 905 | _a10 | ||
| 942 |
_2ddc _cBK _e21 _n0 |
||
| 999 |
_c63043 _d63043 |
||